| 000 | 01362nam a2200349Ia 4500 | ||
|---|---|---|---|
| 001 | ebr10338594 | ||
| 003 | CaPaEBR | ||
| 006 | m u | ||
| 007 | cr cn||||||||| | ||
| 008 | 090327s2009 pau sb 001 0 eng d | ||
| 010 | _z 2009013156 | ||
| 020 | _z9781439900543 (cloth : alk. paper) | ||
| 040 |
_aCaPaEBR _cCaPaEBR |
||
| 035 | _a(OCoLC)489149682 | ||
| 050 | 1 | 4 |
_aJC328.6 _b.V47 2009eb |
| 082 | 0 | 4 |
_a303.6/9 _222 |
| 100 | 1 | _aVerdeja, Ernesto. | |
| 245 | 1 | 0 |
_aUnchopping a tree _h[electronic resource] : _breconciliation in the aftermath of political violence / _cErnesto Verdeja. |
| 260 |
_aPhiladelphia : _bTemple University Press, _c2009. |
||
| 300 | _aviii, 228 p. | ||
| 490 | 1 | _aPolitics, history, and social change | |
| 504 | _aIncludes bibliographical references and index. | ||
| 533 |
_aElectronic reproduction. _bPalo Alto, Calif. : _cebrary, _d2011. _nAvailable via World Wide Web. _nAccess may be limited to ebrary affiliated libraries. |
||
| 650 | 0 | _aPolitical violence. | |
| 650 | 0 | _aSocial conflict. | |
| 650 | 0 | _aConflict management. | |
| 650 | 0 | _aReconciliation. | |
| 655 | 7 |
_aElectronic books. _2local |
|
| 710 | 2 | _aebrary, Inc. | |
| 830 | 0 | _aPolitics, history, and social change. | |
| 856 | 4 | 0 |
_uhttp://site.ebrary.com/lib/rucke/Doc?id=10338594 _zAn electronic book accessible through the World Wide Web; click to view |
| 999 |
_c47778 _d47778 |
||